000 00908cab a2200265 4500
001 WB3112-23
008 090401t1995 xxu||||| |||| 00| 0 eng d
035 _a(Sirsi) u35751
041 _aeng
245 _aSpeculative developments
260 _c1995
350 _a0
490 _aDaily Telegraph
_v21 March 1995, 31(1)
520 _aAlthough property developers are willing to commence speculative development in London and other major office centres, lenders still require substantial pre-letting on a planned development before considering the project, according to Chesterton.
650 _aCHESTERTON
650 _aLENDING TERMS
650 _aPLANNED DEVELOPMENTS
650 _aPRE-LETTING
650 _aPROPERTY LENDERS
650 _aPROPERTY LENDING
650 _aSPECULATIVE DEVELOPMENT
690 _aPROPERTY-PROPERTY FINANCE AND INVESTMENT
942 _n0
948 _c04/03/1997
999 _c23379
_d23379